आज़ादी के जनक : (Record no. 117785)

MARC details
000 -LEADER
fixed length control field 01142nam a22002537a 4500
005 - DATE AND TIME OF LATEST TRANSACTION
control field 20170124103101.0
010 ## - LIBRARY OF CONGRESS CONTROL NUMBER
LC control number B-081957
020 ## - INTERNATIONAL STANDARD BOOK NUMBER
Terms of availability 00.00
035 ## - SYSTEM CONTROL NUMBER
System control number B-081957
037 ## - SOURCE OF ACQUISITION
Source of stock number/acquisition Cen Lib/Ret
040 ## - CATALOGING SOURCE
Original cataloging agency DPL
Language of cataloging HN
082 ## - DEWEY DECIMAL CLASSIFICATION NUMBER
Classification number 920
Item number ताराद
100 ## - MAIN ENTRY--PERSONAL NAME
Personal name तारादत्त
9 (RLIN) 76798
245 ## - TITLE STATEMENT
Title आज़ादी के जनक :
Statement of responsibility, etc तारादत्त
Remainder of title राजस्थान के स्वाधीनता सेनानी /
246 ## - VARYING FORM OF TITLE
Title proper/short title Azadi ke janak : Rajasthan ke swadheenta senani /
Remainder of title by Taradutt
260 ## - PUBLICATION, DISTRIBUTION, ETC. (IMPRINT)
Place of publication, distribution, etc जयपुर
Name of publisher, distributor, etc यूनिवर्सिटी बुक हाउस
Date of publication, distribution, etc 2000
270 ## - ADDRESS
City जयपुर
Address 79, चौड़ा रास्ता
Postal code 302 003
300 ## - PHYSICAL DESCRIPTION
Extent 192पृ.
Dimensions 21सेमी(सजिल्द)
650 ## - SUBJECT ADDED ENTRY--TOPICAL TERM
Topical term or geographic name as entry element हिन्दी -- साहित्य
9 (RLIN) 76799
650 ## - SUBJECT ADDED ENTRY--TOPICAL TERM
Topical term or geographic name as entry element हिन्दी -- राजस्थान के स्वाधीनता सेनानी
9 (RLIN) 76800
650 ## - SUBJECT ADDED ENTRY--TOPICAL TERM
Topical term or geographic name as entry element Hindi literature
9 (RLIN) 76801
650 ## - SUBJECT ADDED ENTRY--TOPICAL TERM
Topical term or geographic name as entry element Hindi - Rajasthan's freedom fighter
9 (RLIN) 76802
942 ## - ADDED ENTRY ELEMENTS (KOHA)
Source of classification or shelving scheme Dewey Decimal Classification
Koha item type Hindi Books
Classification part 920
Call number suffix ताराद
Holdings
Withdrawn status Lost status Damaged status Not for loan Home library Current library Date acquired Source of acquisition Cost, normal purchase price Total Checkouts Full call number Barcode Date last seen Copy number Cost, replacement price Price effective from Koha item type
        Central Library Central Library 08/09/2015 Cen Lib/Ret 0.00   920 ताराद B-081957 08/09/2015 1 0.00 08/09/2015 Hindi Books

© Delhi Public Library
Hit Counter
free hit counter